000 00326nam a22001457a 4500
008 230629b ||||| |||| 00| 0 eng d
020 _a91109010328
041 _aeng
080 _2FIRST EDITION
_a61
082 _a61MSD
100 _a4
101 _aMJP
245 _aTHE MERCK MANUAL OF GERIATRICS
_cMSD
942 _2udc
_cBK
999 _c60061
_d60061